00663nam a2200241 a 4500001001300000003000900013005001700022008004100039020001000080082001600090100002300106245001800129260003100147300000900178500003500187505001000222650001900232700002300251902000800274942000700282952011700289999001500406nice12345678IN_TiNIC20260116012550.0050524s1994 teha grp 000 0 ara  ac10000a492.75bSHA aShahabi, Ali Akber aUsool-Al-Nahu aTehranbNo Publisherc1994 a203p aincludes index and biblioraphy2 aIndex aArabic-Grammar1 aShahabi, Ali Akber bSRS cBK 001040708StackRoom-aHMIbHMId2007-06-07g100.00l0o492.75 SHAp013869r2007-06-07v100.00w2005-05-24yBK c7480d7480